000 00487cam a22002051 4500
001 sa 65007508
003 DLC
005 20260227112148.0
008 881028s1965 xx 000 0 beno
010 _asa 65007508
035 _a(OCoLC)23541978
040 _aDLC
_cMiU
_dDLC
042 _apremarc
050 0 0 _aPK1718.C423
_bM4 1965
100 1 _aChatterjee, Hari Narayan,
_d1916-
245 1 0 _aMeghaloke.
260 _c[1965]
300 _a213 p.
_c23 cm.
500 _aRomanized.
999 _c65165
_d65165